Todos los equipos que han participado en Copa Libertadores de América - Estadísticas

Estadísticas generales
  • Esta prueba ha sido intentada 2.466 veces
    39 desde el último reinicio
  • La puntuación promedio es 73 de 242
Estadísticas de respuestas
Equipos País % Correcto
Independiente Argentina
96%
Boca Juniors Argentina
88%
River Plate Argentina | Uruguay
88%
América México
80%
Colo-Colo Chile
80%
Corinthians Brasil
76%
Estudiantes de la Plata Argentina
76%
Grêmio Brasil
76%
Racing Uruguay
76%
São Paulo Brasil
76%
Argentinos Juniors Argentina
72%
Atlético Nacional Colombia
72%
Flamengo Brasil
72%
Palmeiras Brasil
72%
Peñarol Uruguay
72%
San Lorenzo Argentina
72%
Santos Brasil
72%
Universidad de Chile Chile
72%
Fluminense Brasil
68%
Internacional Brasil
68%
Nacional Paraguay | Uruguay
68%
Olimpia Paraguay
68%
Botafogo Brasil
64%
Cruzeiro Brasil
64%
Rosario Central Argentina
64%
Tigre Argentina
64%
Universidad Católica Chile | Ecuador
64%
Vasco da Gama Brasil
64%
Atlético Mineiro Brasil
60%
Atlético Paranaense Brasil
60%
Banfield Argentina
60%
Liga de Quito Ecuador
60%
Newell's Old Boys Argentina
60%
Alianza Lima Perú
56%
Huracán Argentina
56%
Independiente del Valle Ecuador
56%
Platense Argentina
56%
Universitario Perú
56%
Vélez Sarsfield Argentina
56%
Bolívar Bolivia
52%
Caracas Venezuela
52%
Lanús Argentina
52%
Monterrey México
52%
Sporting Cristal Perú
52%
Talleres Argentina
52%
Tigres México
52%
América de Cali Colombia
48%
Arsenal Argentina
48%
Cerro Uruguay
48%
Cerro Largo Uruguay
48%
Cerro Porteño Paraguay
48%
Cobreloa Chile
48%
Cobresal Chile
48%
Defensa y Justicia Argentina
48%
Godoy Cruz Argentina
48%
Guadalajara México
48%
Millonarios Colombia
48%
Barcelona de Guayaquil Ecuador
44%
Chapecoense Brasil
44%
Colón Argentina
44%
Cruz Azul México
44%
Deportivo Cali Colombia
44%
Deportivo Táchira Venezuela
44%
Independiente Rivadavia Argentina
44%
Independiente Santa Fe Colombia
44%
Once Caldas Colombia
44%
The Strongest Bolivia
44%
Toluca México
44%
Unión Española Chile
44%
Audax Italiano Chile
40%
Blooming Bolivia
40%
Emelec Ecuador
40%
Fortaleza Brasil
40%
Independiente Medellín Colombia
40%
Libertad Paraguay
40%
Mirassol Brasil
40%
Pachuca México
40%
Palestino Chile
40%
Tijuana México
40%
Carabobo Venezuela
36%
Deportes Tolima Colombia
36%
Deportivo Pereira Colombia
36%
Huachipato Chile
36%
Junior de Barranquilla Colombia
36%
Oriente Petrolero Bolivia
36%
Quilmes Argentina
36%
Always Ready Bolivia
32%
Atlético Tucumán Argentina
32%
Bragantino Brasil
32%
Danubio Uruguay
32%
Defensor Sporting Uruguay
32%
Delfín Ecuador
32%
Gimnasia y Esgrima La Plata Argentina
32%
Guaraní Brasil | Paraguay
32%
León México
32%
Liverpool Uruguay
32%
Nacional Potosí Bolivia
32%
O'Higgins Chile
32%
Patronato Argentina
32%
Pumas UNAM México
32%
América Mineiro Brasil
28%
Atlas México
28%
Central Córdoba (Sgo. del Estero) Argentina
28%
Cienciano Perú
28%
Coquimbo Unido Chile
28%
Coritiba Brasil
28%
Cúcuta Deportivo Colombia
28%
Ferro Carril Oeste Argentina
28%
Goiás Brasil
28%
Juventud Uruguay
28%
Puebla México
28%
San José Bolivia
28%
2 de Mayo Paraguay
24%
Atlético Bucaramanga Colombia
24%
Aucas Ecuador
24%
Boston River Uruguay
24%
Deportivo Pasto Colombia
24%
Jorge Wilstermann Bolivia
24%
Montevideo Wanderers Uruguay
24%
Paraná Brasil
24%
Racing Club Argentina
24%
São Caetano Brasil
24%
Sport Recife Brasil
24%
Unión Magdalena Colombia
24%
Bahía Brasil
20%
Boyacá Chicó Colombia
20%
Deportes Iquique Chile
20%
Deportivo Binacional Perú
20%
Deportivo Cuenca Ecuador
20%
Macará Ecuador
20%
Montevideo City Torque Uruguay
20%
Necaxa México
20%
Ñublense Chile
20%
Olmedo Ecuador
20%
Santos Laguna México
20%
Sportivo Trinidense Paraguay
20%
Deportivo La Guaira Venezuela
16%
Deportivo Lara Venezuela
16%
El Nacional Ecuador
16%
Everton Chile
16%
Independiente Petrolero Bolivia
16%
Jaguares México
16%
La Paz Bolivia
16%
Magallanes Chile
16%
Melgar Perú
16%
Monagas Venezuela
16%
Morelia México
16%
Progreso Uruguay
16%
Real Garcilaso Perú
16%
Real Potosí Bolivia
16%
Rentistas Uruguay
16%
San Antonio Bulo Bulo Bolivia
16%
Sportivo Luqueño Paraguay
16%
Universidad Central Venezuela
16%
Zamora Venezuela
16%
31 de Octubre Bolivia
12%
Academia Puerto Cabello Venezuela
12%
Aurora Bolivia
12%
Bangú Brasil
12%
Bella Vista Uruguay
12%
Criciúma Brasil
12%
Deportivo Maldonado Uruguay
12%
Deportivo Municipal Perú
12%
Deportivo Petare Venezuela
12%
Deportivo Quito Ecuador
12%
Estudiantes de Mérida Venezuela
12%
Estudiantes Tecos México
12%
Everest Ecuador
12%
Fénix Uruguay
12%
Guabirá Bolivia
12%
Juventude Brasil
12%
Litoral Bolivia
12%
Maracaibo Venezuela
12%
Metropolitanos Venezuela
12%
Náutico Brasil
12%
Nueve de Octubre Ecuador
12%
Paulista Brasil
12%
Paysandú Brasil
12%
Portuguesa Venezuela
12%
Rocha Uruguay
12%
San Luis México
12%
Santiago Wanderers Chile
12%
Santo André Brasil
12%
Sol de América Paraguay
12%
Técnico Universitario Ecuador
12%
Unión La Calera Chile
12%
Universidad de los Andes Venezuela
12%
Universitario de Sucre Bolivia
12%
Valdez Ecuador
12%
Valencia Venezuela
12%
Zuliá Venezuela
12%
12 de Octubre Paraguay
8%
Águilas Doradas Colombia
8%
Ayacucho Perú
8%
Cortuluá Colombia
8%
Curicó Unido Chile
8%
Defensor Arica Perú
8%
Defensor Lima Perú
8%
Deportes Concepción Chile
8%
Deportivo Municipal Bolivia
8%
Deportivo Portugués Venezuela
8%
Espoli Ecuador
8%
Filanbanco Ecuador
8%
Juan Aurich Perú
8%
León de Huánuco Perú
8%
Mineros de Guayana Venezuela
8%
Minervén Venezuela
8%
Plaza Colonia Uruguay
8%
Rangers Chile
8%
Royal Pari Bolivia
8%
Sport Huancayo Perú
8%
Sports Boys Bolivia
8%
Tacuary Paraguay
8%
Trujillanos Venezuela
8%
Unión San Felipe Chile
8%
Universidad de Concepción Chile
8%
Universidad de San Martín Perú
8%
Universitario de La Paz Bolivia
8%
América de Quito Ecuador
4%
Atlético Chalaco Perú
4%
Atlético Colegiales Paraguay
4%
Atlético San Cristobal Venezuela
4%
Atlético Torino Perú
4%
Coronel Bolognesi Perú
4%
Deportivo Anzoátegui Venezuela
4%
Deportivo Capiatá Paraguay
4%
Galicia de Aragua Venezuela
4%
Lara Venezuela
4%
Marítimo Venezuela
4%
Pepeganga Margarita Venezuela
4%
Sport Boys Perú
4%
Unión Huaral Perú
4%
Universidad Técnica Perú
4%
Alfonso Ugarte Perú
0%
Chaco Petrolero Bolivia
0%
Deportivo Canarias Venezuela
0%
San Agustín Perú
0%
Universidad César Vallejos Perú
0%
No se encontraron pruebas coincidentes
Distribución de puntuación
Porcentaje de gente con cada puntuación
Porcentaje por número respondido
Historial de tus puntuaciones
No has intentado esta prueba desde el último reinicio